[Event "FIDE Womens Grand Prix 2019-20"]
[Site "Skolkovo"]
[Date "2019.09.18"]
[Round "7.5"]
[White "Sebag, Marie"]
[Black "Goryachkina, Aleksandra"]
[Result "1/2-1/2"]
[WhiteElo "2450"]
[BlackElo "2564"]
[Annotator "ChessBase"]
[PlyCount "84"]
[EventDate "2019.09.11"]
[EventType "tourn"]
[EventCountry "RUS"]
[SourceTitle "playchess.com"]
[Source "ChessBase"]
[SourceQuality "1"]
[TimeControl "40/5400+30:1800+30"]

1. e4 {[%emt 0:00:00]} e5 {[%emt 0:00:00]} 2. Nf3 {[%emt 0:00:13]} Nc6 {[%emt 0:00:00]} 3. Bb5 {[%emt 0:00:07]} g6 {[%emt 0:00:38]} 4. c3 {[%emt 0:00:27]} a6 {[%emt 0:01:21]} 5. Ba4 {[%emt 0:00:38]} Bg7 {[%emt 0:00:48]} 6. d4 {[%emt 0:00:41]} exd4 {[%emt 0:00:30]} 7. cxd4 {[%emt 0:00:26]} b5 {[%emt 0:01:03]} 8. Bb3 {[%emt 0:01:04]} Nge7 {[%emt 0:01:51]} 9. d5 {[%emt 0:00:55]} Na5 {[%emt 0:01:00]} 10. Bd2 {[%emt 0:01:15]} Nxb3 {[%emt 0:00:30]} 11. axb3 {[%emt 0:00:46]} O-O {[%emt 0:01:57]} 12. Bc3 {[%emt 0:10:15]} f5 {[%emt 0:01:01]} 13. Bxg7 {[%emt 0:32:08]} Kxg7 {[%emt 0:00:18]} 14. Qd4+ {[%emt 0:06:48]} Kg8 {[%emt 0:00:47]} 15. O-O {[%emt 0:00:17]} Bb7 {[%emt 0:05:28]} 16. Nc3 {[%emt 0:00:29]} fxe4 {[%emt 0:04:04]} 17. Qxe4 {[%emt 0:01:21]} Nc8 {[%emt 0:03:21]} 18. Ne5 {[%emt 0:10:36]} Qe7 {[%emt 0:24:03]} 19. Rae1 {[%emt 0:01:04]} d6 {[%emt 0:08:39]} 20. Ng4 {[%emt 0:04:10]} Qxe4 {[%emt 0:03:02]} 21. Rxe4 {[%emt 0:03:51]} h5 {[%emt 0:02:04]} 22. Ne3 {[%emt 0:00:56]} Nb6 {[%emt 0:00:43]} 23. Rd1 {[%emt 0:04:58]} Rae8 {[%emt 0:04:43]} 24. Rdd4 {[%emt 0:00:37]} Kg7 {[%emt 0:05:42]} 25. b4 {[%emt 0:02:34]} Nd7 {[%emt 0:05:09]} 26. f4 {[%emt 0:01:10]} Nf6 {[%emt 0:03:14]} 27. Rxe8 {[%emt 0:00:10]} Rxe8 {[%emt 0:00:18]} 28. Kf2 {[%emt 0:00:11]} Kf7 {[%emt 0:02:13]} 29. h3 {[%emt 0:02:02]} h4 {[%emt 0:03:01]} 30. Kf3 {[%emt 0:00:45]} c5 {[%emt 0:02:00]} 31. dxc6 {[%emt 0:00:36]} Bxc6+ {[%emt 0:00:05]} 32. Kf2 {[%emt 0:00:20]} Ne4+ 33. Nxe4 {[%emt 0:01:44]} Rxe4 {[%emt 0:02:18]} 34. Rxd6 {[%emt 0:00:58]} Rxf4+ {[%emt 0:00:07]} 35. Ke2 {[%emt 0:00:38]} Rf6 {[%emt 0:01:39]} 36. Rd4 {[%emt 0:01:33]} g5 {[%emt 0:01:09]} 37. Rd8 {[%emt 0:03:31]} Ke7 {[%emt 0:06:10]} 38. Rg8 {[%emt 0:01:05]} Rf4 {[%emt 0:01:16]} 39. Rg6 {[%emt 0:00:34]} Kd7 {[%emt 0:01:44]} 40. Rg7+ {[%emt 0:00:00]} Kd8 {[%emt 0:00:00]} 41. Rg8+ {[%emt 0:01:10]} Kd7 {[%emt 0:05:49]} 42. Rg7+ {[%emt 0:03:14]} Kd8 {[%emt 0:03:11]} 1/2-1/2

[Event "FIDE Womens Grand Prix 2019-20"]
[Site "Skolkovo"]
[Date "2019.09.18"]
[Round "7.6"]
[White "Kashlinskaya, Alina"]
[Black "Kosteniuk, Alexandra"]
[Result "0-1"]
[WhiteElo "2487"]
[BlackElo "2495"]
[Annotator "ChessBase"]
[PlyCount "118"]
[EventDate "2019.09.11"]
[EventType "tourn"]
[EventCountry "RUS"]
[SourceTitle "playchess.com"]
[Source "ChessBase"]
[SourceQuality "1"]
[TimeControl "40/5400+30:1800+30"]

1. d4 {[%emt 0:00:00]} Nf6 {[%emt 0:00:00]} 2. c4 {[%emt 0:00:00]} e6 {[%emt 0:00:00]} 3. Nc3 {[%emt 0:00:00]} Bb4 {[%emt 0:00:00]} 4. f3 {[%emt 0:00:00]} c5 {[%emt 0:00:00]} 5. d5 {[%emt 0:00:08]} O-O {[%emt 0:00:03]} 6. e4 {[%emt 0:00:14]} d6 {[%emt 0:00:07]} 7. Nge2 {[%emt 0:00:22]} b5 {[%emt 0:00:28]} 8. Nf4 {[%emt 0:00:49]} Re8 {[%emt 0:00:13]} 9. Be2 {[%emt 0:15:50]} bxc4 {[%emt 0:09:24]} 10. Bxc4 {[%emt 0:01:52]} Qa5 {[%emt 0:06:52]} 11. Bd2 {[%emt 0:04:47]} Ba6 {[%emt 0:02:47]} 12. Bxa6 {[%emt 0:07:12]} Qxa6 {[%emt 0:00:21]} 13. a3 {[%emt 0:04:51]} Ba5 {[%emt 0:01:15]} 14. b4 {[%emt 0:00:44]} Bb6 {[%emt 0:00:38]} 15. b5 {[%emt 0:00:32]} Qb7 {[%emt 0:00:39]} 16. O-O {[%emt 0:00:24]} c4+ {[%emt 0:01:18]} 17. Kh1 {[%emt 0:04:12]} Nbd7 {[%emt 0:00:07]} 18. a4 {[%emt 0:03:46]} Bd4 {[%emt 0:04:54]} 19. Rb1 {[%emt 0:06:31]} Rac8 {[%emt 0:13:55]} 20. a5 {[%emt 0:03:33]} Nc5 {[%emt 0:10:41]} 21. Nfe2 {[%emt 0:04:32]} Be5 {[%emt 0:02:43]} 22. Bg5 {[%emt 0:00:49]} Nd3 23. Bh4 {[%emt 0:06:18]} Nd7 {[%emt 0:13:13]} 24. Qd2 {[%emt 0:03:31]} N7c5 {[%emt 0:05:42]} 25. a6 {[%emt 0:07:24]} Qa8 {[%emt 0:04:24]} 26. Qg5 {[%emt 0:05:17]} Nb3 {[%emt 0:09:39]} 27. Rbd1 {[%emt 0:04:43]} Rc5 {[%emt 0:00:39]} 28. Qg4 {[%emt 0:01:07]} g6 {[%emt 0:01:12]} 29. f4 {[%emt 0:00:36]} f5 {[%emt 0:00:51]} 30. Qg3 {[%emt 0:02:26]} Bg7 {[%emt 0:00:19]} 31. Rxd3 {[%emt 0:03:46]} cxd3 {[%emt 0:00:07]} 32. Qxd3 {[%emt 0:00:01]} Rcc8 {[%emt 0:05:46]} 33. dxe6 {[%emt 0:00:57]} Nc5 {[%emt 0:00:08]} 34. Qd5 {[%emt 0:02:17]} Rxe6 {[%emt 0:02:53]} 35. Qa2 {[%emt 0:01:33]} Kh8 {[%emt 0:00:37]} 36. exf5 {[%emt 0:00:13]} gxf5 {[%emt 0:00:16]} 37. Bf2 {[%emt 0:01:21]} Rce8 {[%emt 0:02:46]} 38. Bd4 {[%emt 0:02:44]} Bxd4 {[%emt 0:00:45]} 39. Nxd4 {[%emt 0:00:01]} Re1 {[%emt 0:00:05]} 40. Kg1 {[%emt 0:00:00]} Nd3 {[%emt 0:00:00]} 41. Nf3 {[%emt 0:04:20]} Rxf1+ {[%emt 0:12:11]} 42. Kxf1 {[%emt 0:00:10]} Qc8 {[%emt 0:00:11]} 43. Qf7 {[%emt 0:03:54]} Rf8 {[%emt 0:05:12]} 44. Qe7 {[%emt 0:02:29]} Nxf4 {[%emt 0:00:08]} 45. Ng5 {[%emt 0:16:02]} Qc4+ {[%emt 0:00:17]} 46. Kf2 {[%emt 0:00:17]} Qd4+ {[%emt 0:00:49]} 47. Kf3 {[%emt 0:00:42]} Qxc3+ {[%emt 0:01:34]} 48. Kxf4 {[%emt 0:00:02]} Qc4+ {[%emt 0:11:56]} 49. Kf3 {[%emt 0:00:29]} Qg8 {[%emt 0:01:18]} 50. Qxa7 {[%emt 0:08:42]} Qxg5 {[%emt 0:02:41]} 51. Qd4+ {[%emt 0:00:02]} Kg8 {[%emt 0:00:07]} 52. a7 {[%emt 0:00:03]} Qh5+ {[%emt 0:00:39]} 53. Kf2 {[%emt 0:00:24]} Qf7 {[%emt 0:00:02]} 54. b6 {[%emt 0:00:39]} Qa2+ {[%emt 0:00:15]} 55. Kg3 {[%emt 0:01:12]} f4+ {[%emt 0:00:42]} 56. Kf3 {[%emt 0:01:14]} Re8 {[%emt 0:00:33]} 57. Qxd6 {[%emt 0:01:23]} Qe2+ {[%emt 0:00:09]} 58. Kxf4 {[%emt 0:00:02]} Re4+ {[%emt 0:00:22]} 59. Kg5 {[%emt 0:00:22]} Qg4+ {[%emt 0:00:09]} 0-1

[Event "FIDE Womens Grand Prix 2019-20"]
[Site "Skolkovo"]
[Date "2019.09.19"]
[Round "8.1"]
[White "Ju, Wenjun"]
[Black "Kosteniuk, Alexandra"]
[Result "1-0"]
[WhiteElo "2576"]
[BlackElo "2495"]
[Annotator "ChessBase"]
[PlyCount "99"]
[EventDate "2019.09.11"]
[EventType "tourn"]
[EventCountry "RUS"]
[SourceTitle "playchess.com"]
[Source "ChessBase"]
[SourceQuality "1"]
[TimeControl "40/5400+30:1800+30"]

1. d4 {[%emt 0:00:00]} Nf6 {[%emt 0:00:00]} 2. c4 {[%emt 0:00:00]} e6 {[%emt 0:00:00]} 3. g3 {[%emt 0:00:00]} d5 {[%emt 0:00:00]} 4. Bg2 {[%emt 0:00:20]} dxc4 {[%emt 0:00:01]} 5. Nf3 {[%emt 0:00:54]} a6 {[%emt 0:00:13]} 6. O-O {[%emt 0:00:29]} Nc6 {[%emt 0:00:08]} 7. e3 {[%emt 0:01:26]} Rb8 {[%emt 0:00:15]} 8. Nfd2 {[%emt 0:01:33]} e5 {[%emt 0:00:16]} 9. Bxc6+ {[%emt 0:00:10]} bxc6 {[%emt 0:00:04]} 10. dxe5 {[%emt 0:00:06]} Ng4 {[%emt 0:00:10]} 11. Nxc4 {[%emt 0:00:30]} Be6 {[%emt 0:00:05]} 12. Nbd2 {[%emt 0:00:26]} Bb4 {[%emt 0:00:15]} 13. b3 {[%emt 0:01:39]} h5 {[%emt 0:01:21]} 14. f3 {[%emt 0:16:20]} Bxd2 {[%emt 0:13:58]} 15. Bxd2 {[%emt 0:17:41]} Bxc4 {[%emt 0:16:23]} 16. bxc4 {[%emt 0:00:04]} Nxe5 {[%emt 0:00:25]} 17. Bc3 {[%emt 0:00:13]} Qxd1 {[%emt 0:05:31]} 18. Raxd1 {[%emt 0:00:14]} f6 {[%emt 0:00:09]} 19. Rd4 {[%emt 0:12:14]} O-O {[%emt 0:08:59]} 20. Kf2 {[%emt 0:05:27]} Rfd8 {[%emt 0:05:04]} 21. Rxd8+ {[%emt 0:01:36]} Rxd8 {[%emt 0:00:05]} 22. Bxe5 {[%emt 0:00:03]} fxe5 {[%emt 0:00:04]} 23. Ke2 {[%emt 0:00:05]} Rb8 {[%emt 0:00:55]} 24. Rd1 {[%emt 0:00:04]} Rb4 {[%emt 0:02:56]} 25. Kd3 {[%emt 0:04:08]} Ra4 {[%emt 0:00:22]} 26. Rd2 {[%emt 0:01:06]} Kf7 {[%emt 0:00:30]} 27. Rc2 {[%emt 0:03:12]} Ke6 {[%emt 0:05:44]} 28. Ke4 {[%emt 0:00:03]} g5 {[%emt 0:07:59]} 29. h4 {[%emt 0:07:43]} gxh4 {[%emt 0:00:56]} 30. gxh4 {[%emt 0:00:04]} Rb4 {[%emt 0:03:04]} 31. f4 {[%emt 0:05:51]} exf4 {[%emt 0:02:39]} 32. Kxf4 {[%emt 0:00:44]} Kf6 {[%emt 0:01:53]} 33. e4 {[%emt 0:02:52]} Rb1 {[%emt 0:00:43]} 34. e5+ {[%emt 0:01:58]} Ke6 {[%emt 0:00:09]} 35. Kg5 {[%emt 0:00:17]} Kxe5 {[%emt 0:03:07]} 36. Kxh5 {[%emt 0:00:45]} Kd4 {[%emt 0:00:26]} 37. c5 {[%emt 0:03:05]} Rb5 {[%emt 0:01:12]} 38. Kg6 {[%emt 0:03:40]} Kd3 {[%emt 0:00:31]} 39. Rc1 {[%emt 0:04:49]} Kd2 {[%emt 0:15:44]} 40. Rf1 {[%emt 0:00:00]} Rxc5 {[%emt 0:00:00]} 41. h5 {[%emt 0:00:35]} Rd5 {[%emt 0:21:57]} 42. h6 {[%emt 0:03:17]} c5 {[%emt 0:00:26]} 43. Rf5 {[%emt 0:09:23]} Rd6+ {[%emt 0:00:07]} 44. Rf6 {[%emt 0:00:04]} Rd8 {[%emt 0:04:37]} 45. Rc6 {[%emt 0:01:24]} Kc3 {[%emt 0:00:22]} 46. Rxc5+ {[%emt 0:00:14]} Kb2 {[%emt 0:00:06]} 47. Rxc7 {[%emt 0:00:27]} Ra8 {[%emt 0:00:40]} 48. h7 {[%emt 0:00:34]} Kxa2 {[%emt 0:01:48]} 49. Rg7 {[%emt 0:00:09]} Rb8 {[%emt 0:00:39]} 50. Ra7 {[%emt 0:01:26]} 1-0

[Event "FIDE Womens Grand Prix 2019-20"]
[Site "Skolkovo"]
[Date "2019.09.19"]
[Round "8.2"]
[White "Goryachkina, Aleksandra"]
[Black "Kashlinskaya, Alina"]
[Result "1/2-1/2"]
[WhiteElo "2564"]
[BlackElo "2487"]
[Annotator "ChessBase"]
[PlyCount "79"]
[EventDate "2019.09.11"]
[EventType "tourn"]
[EventCountry "RUS"]
[SourceTitle "playchess.com"]
[Source "ChessBase"]
[SourceQuality "1"]
[TimeControl "40/5400+30:1800+30"]

1. d4 {[%emt 0:00:00]} Nf6 {[%emt 0:00:00]} 2. c4 {[%emt 0:00:00]} g6 {[%emt 0:00:00]} 3. Nc3 {[%emt 0:00:11]} Bg7 {[%emt 0:00:00]} 4. e4 {[%emt 0:00:37]} d6 {[%emt 0:00:00]} 5. Be2 {[%emt 0:03:20]} O-O {[%emt 0:00:47]} 6. Be3 {[%emt 0:01:12]} e5 {[%emt 0:02:01]} 7. d5 {[%emt 0:01:06]} Na6 {[%emt 0:04:24]} 8. g4 {[%emt 0:04:50]} Nc5 {[%emt 0:01:30]} 9. f3 {[%emt 0:01:51]} a5 {[%emt 0:08:49]} 10. h4 {[%emt 0:02:44]} c6 {[%emt 0:10:06]} 11. h5 {[%emt 0:04:46]} cxd5 {[%emt 0:00:19]} 12. cxd5 {[%emt 0:03:19]} a4 {[%emt 0:04:01]} 13. Qd2 {[%emt 0:01:52]} Qa5 {[%emt 0:05:53]} 14. Rb1 {[%emt 0:06:06]} Bd7 {[%emt 0:07:26]} 15. Nh3 {[%emt 0:06:03]} b5 {[%emt 0:01:50]} 16. Nf2 {[%emt 0:02:29]} Rfc8 {[%emt 0:03:23]} 17. Bg5 {[%emt 0:11:05]} b4 {[%emt 0:07:50]} 18. Ncd1 {[%emt 0:00:16]} Bb5 {[%emt 0:03:19]} 19. Bxb5 {[%emt 0:01:40]} Qxb5 {[%emt 0:03:33]} 20. h6 {[%emt 0:05:25]} Bh8 {[%emt 0:00:02]} 21. Ne3 {[%emt 0:00:38]} Nfd7 {[%emt 0:04:53]} 22. Qe2 {[%emt 0:05:29]} Qxe2+ {[%emt 0:00:59]} 23. Kxe2 {[%emt 0:00:04]} Bf6 {[%emt 0:00:21]} 24. Bxf6 {[%emt 0:01:15]} Nxf6 {[%emt 0:00:02]} 25. Rhc1 {[%emt 0:01:19]} Nfd7 {[%emt 0:00:40]} 26. Rc4 {[%emt 0:05:30]} b3 {[%emt 0:04:37]} 27. a3 {[%emt 0:01:34]} Kf8 {[%emt 0:00:07]} 28. Rbc1 {[%emt 0:01:33]} Ke7 {[%emt 0:00:34]} 29. R4c3 {[%emt 0:03:38]} Kf6 {[%emt 0:02:35]} 30. Nc4 {[%emt 0:03:18]} Ra6 {[%emt 0:02:13]} 31. Nh3 {[%emt 0:01:23]} Ke7 {[%emt 0:03:26]} 32. Ne3 {[%emt 0:02:03]} Raa8 {[%emt 0:01:36]} 33. Ng5 {[%emt 0:01:36]} Rh8 {[%emt 0:03:25]} 34. Nc4 {[%emt 0:01:06]} f6 {[%emt 0:01:19]} 35. Nh3 {[%emt 0:01:56]} Rhf8 {[%emt 0:00:25]} 36. Ne3 {[%emt 0:01:30]} Ra6 {[%emt 0:01:59]} 37. Nf2 {[%emt 0:01:16]} Raa8 {[%emt 0:01:24]} 38. Nh3 {[%emt 0:00:48]} Ra6 {[%emt 0:00:09]} 39. Nf2 {[%emt 0:02:25]} Raa8 {[%emt 0:00:01]} 40. Nh3 {[%emt 0:00:00]} 1/2-1/2

[Event "FIDE Womens Grand Prix 2019-20"]
[Site "Skolkovo"]
[Date "2019.09.19"]
[Round "8.3"]
[White "Cramling, Pia"]
[Black "Sebag, Marie"]
[Result "1-0"]
[WhiteElo "2487"]
[BlackElo "2450"]
[Annotator "ChessBase"]
[PlyCount "99"]
[EventDate "2019.09.11"]
[EventType "tourn"]
[EventCountry "RUS"]
[SourceTitle "playchess.com"]
[Source "ChessBase"]
[SourceQuality "1"]
[TimeControl "40/5400+30:1800+30"]

1. Nf3 {[%emt 0:00:00]} d5 {[%emt 0:00:00]} 2. d4 {[%emt 0:00:00]} Nf6 {[%emt 0:00:33]} 3. c4 {[%emt 0:00:00]} c6 {[%emt 0:00:25]} 4. Qb3 {[%emt 0:00:09]} dxc4 {[%emt 0:01:03]} 5. Qxc4 {[%emt 0:00:09]} Bf5 {[%emt 0:00:46]} 6. g3 {[%emt 0:00:29]} e6 {[%emt 0:00:47]} 7. Bg2 {[%emt 0:00:14]} Nbd7 {[%emt 0:00:16]} 8. O-O {[%emt 0:00:34]} Be7 {[%emt 0:00:50]} 9. e3 {[%emt 0:00:34]} O-O {[%emt 0:01:15]} 10. Qe2 {[%emt 0:00:13]} Qc7 {[%emt 0:03:07]} 11. Nc3 {[%emt 0:01:01]} e5 {[%emt 0:01:01]} 12. h3 {[%emt 0:01:46]} exd4 {[%emt 0:39:53]} 13. Nxd4 {[%emt 0:00:50]} Bg6 {[%emt 0:00:02]} 14. e4 {[%emt 0:13:43]} Rfe8 {[%emt 0:00:58]} 15. Bf4 {[%emt 0:03:27]} Ne5 {[%emt 0:12:39]} 16. Rac1 {[%emt 0:12:25]} Bc5 {[%emt 0:01:45]} 17. Rfd1 {[%emt 0:02:44]} Qe7 {[%emt 0:01:25]} 18. a3 {[%emt 0:05:36]} Rad8 {[%emt 0:03:32]} 19. Be3 {[%emt 0:06:27]} Ned7 {[%emt 0:01:18]} 20. Nb3 {[%emt 0:02:32]} Bxe3 {[%emt 0:02:04]} 21. Qxe3 {[%emt 0:00:09]} Nb6 {[%emt 0:00:46]} 22. Qc5 {[%emt 0:05:14]} Rd7 {[%emt 0:10:51]} 23. Rxd7 {[%emt 0:07:54]} Nfxd7 {[%emt 0:00:44]} 24. Qxe7 {[%emt 0:00:51]} Rxe7 {[%emt 0:00:04]} 25. Na5 {[%emt 0:01:45]} Nc5 {[%emt 0:02:37]} 26. b4 {[%emt 0:06:08]} Ne6 {[%emt 0:03:14]} 27. f4 {[%emt 0:06:49]} f5 {[%emt 0:00:17]} 28. e5 {[%emt 0:01:29]} Rd7 {[%emt 0:04:06]} 29. Rd1 {[%emt 0:03:23]} Rxd1+ {[%emt 0:00:35]} 30. Nxd1 {[%emt 0:00:03]} Nd8 {[%emt 0:00:15]} 31. Ne3 {[%emt 0:00:15]} Kf8 {[%emt 0:00:50]} 32. Kf2 {[%emt 0:03:48]} Ke7 {[%emt 0:00:31]} 33. Bf1 {[%emt 0:01:12]} Nd5 {[%emt 0:01:00]} 34. Bd3 {[%emt 0:02:59]} Nxe3 {[%emt 0:01:19]} 35. Kxe3 {[%emt 0:00:06]} Bf7 {[%emt 0:00:16]} 36. Nc4 {[%emt 0:03:11]} Bxc4 {[%emt 0:04:46]} 37. Bxc4 {[%emt 0:00:06]} g6 {[%emt 0:00:16]} 38. g4 {[%emt 0:01:22]} b6 {[%emt 0:01:08]} 39. Bd3 {[%emt 0:02:49]} Ke6 {[%emt 0:00:15]} 40. Kd4 {[%emt 0:00:00]} Nb7 {[%emt 0:00:00]} 41. gxf5+ {[%emt 0:07:49]} gxf5 {[%emt 0:01:14]} 42. Ba6 {[%emt 0:00:16]} Nd8 {[%emt 0:05:46]} 43. Bc8+ {[%emt 0:00:12]} Ke7 {[%emt 0:00:06]} 44. Bxf5 {[%emt 0:00:10]} h6 {[%emt 0:00:02]} 45. Bg4 {[%emt 0:01:01]} Nf7 {[%emt 0:00:42]} 46. h4 {[%emt 0:03:18]} Nd8 {[%emt 0:00:10]} 47. f5 {[%emt 0:02:11]} Kf7 {[%emt 0:00:03]} 48. Ke4 {[%emt 0:01:02]} Kg7 {[%emt 0:01:52]} 49. f6+ {[%emt 0:01:25]} Kg6 {[%emt 0:00:11]} 50. Bd7 {[%emt 0:00:26]} 1-0

[Event "FIDE Womens Grand Prix 2019-20"]
[Site "Skolkovo"]
[Date "2019.09.19"]
[Round "8.4"]
[White "Stefanova, Antoaneta"]
[Black "Harika, Dronavalli"]
[Result "1/2-1/2"]
[WhiteElo "2491"]
[BlackElo "2503"]
[Annotator "ChessBase"]
[PlyCount "78"]
[EventDate "2019.09.11"]
[EventType "tourn"]
[EventCountry "RUS"]
[SourceTitle "playchess.com"]
[Source "ChessBase"]
[SourceQuality "1"]
[TimeControl "40/5400+30:1800+30"]

1. d4 {[%emt 0:00:00]} Nf6 {[%emt 0:00:02]} 2. c4 {[%emt 0:00:18]} e6 {[%emt 0:00:10]} 3. Nf3 {[%emt 0:00:48]} d5 {[%emt 0:00:12]} 4. Nc3 {[%emt 0:00:34]} Bb4 {[%emt 0:00:08]} 5. Qa4+ {[%emt 0:01:34]} Nc6 {[%emt 0:00:10]} 6. e3 {[%emt 0:00:08]} O-O {[%emt 0:00:42]} 7. Qc2 {[%emt 0:00:47]} Re8 {[%emt 0:00:42]} 8. Bd2 {[%emt 0:05:38]} a6 {[%emt 0:02:37]} 9. Rd1 {[%emt 0:06:11]} Bd7 {[%emt 0:06:52]} 10. h3 {[%emt 0:10:38]} Bd6 {[%emt 0:08:20]} 11. a3 {[%emt 0:05:57]} h6 {[%emt 0:00:18]} 12. g4 {[%emt 0:07:22]} e5 {[%emt 0:16:13]} 13. dxe5 {[%emt 0:25:35]} Nxe5 {[%emt 0:00:56]} 14. Nxe5 {[%emt 0:00:05]} Rxe5 {[%emt 0:01:32]} 15. cxd5 {[%emt 0:00:49]} Nxd5 {[%emt 0:06:31]} 16. Nxd5 {[%emt 0:04:13]} Rxd5 {[%emt 0:12:09]} 17. Bg2 {[%emt 0:02:57]} Rc5 {[%emt 0:00:16]} 18. Bc3 {[%emt 0:00:44]} Bc6 {[%emt 0:00:59]} 19. Bxc6 {[%emt 0:01:24]} Rxc6 {[%emt 0:00:32]} 20. Rd5 {[%emt 0:03:45]} Qe8 {[%emt 0:04:15]} 21. g5 {[%emt 0:13:39]} Qe6 {[%emt 0:04:27]} 22. Qd3 {[%emt 0:01:33]} h5 {[%emt 0:00:16]} 23. Qd4 {[%emt 0:03:06]} Bf8 {[%emt 0:01:02]} 24. Ke2 {[%emt 0:01:16]} Rd6 {[%emt 0:04:30]} 25. Rxd6 {[%emt 0:00:17]} cxd6 {[%emt 0:00:08]} 26. Qh4 {[%emt 0:00:58]} Qg6 {[%emt 0:01:17]} 27. Rd1 {[%emt 0:00:51]} Rc8 {[%emt 0:00:57]} 28. Rd4 {[%emt 0:02:10]} Rc5 {[%emt 0:01:47]} 29. f4 {[%emt 0:00:04]} Qc2+ {[%emt 0:01:51]} 30. Kf3 {[%emt 0:00:16]} g6 {[%emt 0:03:59]} 31. Rd2 {[%emt 0:00:15]} Qb1 {[%emt 0:03:08]} 32. Qf2 {[%emt 0:00:13]} Bg7 {[%emt 0:01:48]} 33. Rxd6 {[%emt 0:00:54]} Bxc3 {[%emt 0:00:34]} 34. bxc3 {[%emt 0:00:03]} Rxc3 {[%emt 0:01:12]} 35. Qd2 {[%emt 0:01:05]} Qh1+ {[%emt 0:03:37]} 36. Kg3 {[%emt 0:00:23]} Rc1 {[%emt 0:00:23]} 37. Rxg6+ {[%emt 0:00:27]} fxg6 {[%emt 0:00:14]} 38. Qd8+ {[%emt 0:00:07]} Kf7 {[%emt 0:00:23]} 39. Qd7+ {[%emt 0:00:15]} Kf8 {[%emt 0:00:05]} 1/2-1/2

[Event "FIDE Womens Grand Prix 2019-20"]
[Site "Skolkovo"]
[Date "2019.09.19"]
[Round "8.5"]
[White "Paehtz, Elisabeth"]
[Black "Koneru, Humpy"]
[Result "0-1"]
[WhiteElo "2479"]
[BlackElo "2560"]
[Annotator "ChessBase"]
[PlyCount "90"]
[EventDate "2019.09.11"]
[EventType "tourn"]
[EventCountry "RUS"]
[SourceTitle "playchess.com"]
[Source "ChessBase"]
[SourceQuality "1"]
[TimeControl "40/5400+30:1800+30"]

1. e4 {[%emt 0:00:00]} e5 {[%emt 0:00:00]} 2. Nf3 {[%emt 0:00:00]} Nf6 {[%emt 0:00:00]} 3. Nxe5 {[%emt 0:00:00]} d6 {[%emt 0:00:00]} 4. Nf3 {[%emt 0:00:00]} Nxe4 {[%emt 0:00:04]} 5. d4 {[%emt 0:00:00]} d5 {[%emt 0:00:12]} 6. Bd3 {[%emt 0:00:00]} Bf5 {[%emt 0:00:21]} 7. O-O {[%emt 0:00:00]} Be7 {[%emt 0:00:08]} 8. Re1 {[%emt 0:00:00]} O-O {[%emt 0:00:19]} 9. c4 {[%emt 0:00:00]} Nc6 {[%emt 0:00:28]} 10. cxd5 {[%emt 0:00:04]} Qxd5 {[%emt 0:00:12]} 11. Nc3 {[%emt 0:00:02]} Nxc3 {[%emt 0:00:19]} 12. bxc3 {[%emt 0:00:03]} Rae8 {[%emt 0:00:44]} 13. Bf4 {[%emt 0:00:18]} Bd8 {[%emt 0:00:33]} 14. c4 {[%emt 0:11:20]} Qd7 {[%emt 0:00:32]} 15. Bxf5 {[%emt 0:15:22]} Qxf5 {[%emt 0:02:42]} 16. Be3 {[%emt 0:07:08]} Bf6 {[%emt 0:03:32]} 17. Rb1 {[%emt 0:00:44]} b6 {[%emt 0:02:30]} 18. Qa4 {[%emt 0:02:04]} Qd7 {[%emt 0:04:01]} 19. Rbd1 {[%emt 0:11:51]} Re7 {[%emt 0:17:50]} 20. Kf1 {[%emt 0:07:58]} h6 {[%emt 0:08:56]} 21. d5 {[%emt 0:11:32]} Na5 {[%emt 0:07:06]} 22. Qxd7 {[%emt 0:00:50]} Rxd7 {[%emt 0:00:05]} 23. Rc1 {[%emt 0:00:02]} c6 {[%emt 0:06:51]} 24. dxc6 {[%emt 0:01:33]} Nxc6 {[%emt 0:00:11]} 25. c5 {[%emt 0:00:09]} b5 {[%emt 0:10:31]} 26. Red1 {[%emt 0:04:19]} Rfd8 {[%emt 0:02:05]} 27. Rxd7 {[%emt 0:02:24]} Rxd7 {[%emt 0:00:02]} 28. Nd2 {[%emt 0:03:56]} Rd3 {[%emt 0:07:30]} 29. Rb1 {[%emt 0:04:08]} a6 {[%emt 0:00:57]} 30. Nb3 {[%emt 0:02:22]} Kf8 {[%emt 0:01:05]} 31. Ke2 {[%emt 0:00:55]} Rd5 {[%emt 0:02:25]} 32. Rc1 {[%emt 0:03:52]} Ke7 {[%emt 0:00:59]} 33. Nd2 {[%emt 0:01:17]} Nb4 {[%emt 0:06:00]} 34. a3 {[%emt 0:02:54]} Nc6 {[%emt 0:08:33]} 35. Nb1 {[%emt 0:06:05]} Kd7 {[%emt 0:02:00]} 36. Nc3 {[%emt 0:02:20]} Bxc3 {[%emt 0:00:37]} 37. Rxc3 {[%emt 0:00:03]} Ne5 {[%emt 0:03:50]} 38. h3 {[%emt 0:02:44]} Kc6 {[%emt 0:00:21]} 39. g4 {[%emt 0:00:05]} Nc4 {[%emt 0:01:07]} 40. a4 {[%emt 0:00:00]} Nxe3 {[%emt 0:00:00]} 41. axb5+ {[%emt 0:00:39]} axb5 {[%emt 0:04:06]} 42. Rxe3 {[%emt 0:00:04]} b4 {[%emt 0:02:14]} 43. f4 {[%emt 0:02:34]} Kxc5 {[%emt 0:06:22]} 44. Re7 {[%emt 0:00:15]} b3 {[%emt 0:03:34]} 45. Rxf7 {[%emt 0:00:06]} Kc6 {[%emt 0:00:39]} 0-1